Specific learning disabilities in children and adolescents (Record no. 8870)

MARC details
000 -LEADER
fixed length control field 00689nam a22002177a 4500
003 - CONTROL NUMBER IDENTIFIER
control field OSt
005 - DATE AND TIME OF LATEST TRANSACTION
control field 20240626100635.0
008 - FIXED-LENGTH DATA ELEMENTS--GENERAL INFORMATION
fixed length control field 240626b |||||||| |||| 00| 0 eng d
020 ## - INTERNATIONAL STANDARD BOOK NUMBER
International Standard Book Number 0521658403
040 ## - CATALOGING SOURCE
Transcribing agency MUST
082 ## - DEWEY DECIMAL CLASSIFICATION NUMBER
Classification number 618.9 SPE 2001
100 ## - MAIN ENTRY--PERSONAL NAME
Relator code edited by Alan S. Kaufman
245 ## - TITLE STATEMENT
Title Specific learning disabilities in children and adolescents
Remainder of title : Psychological assessment and evaluation
260 ## - PUBLICATION, DISTRIBUTION, ETC. (IMPRINT)
Place of publication, distribution, etc. Newyork
Name of publisher, distributor, etc. : Cambridge University press
Date of publication, distribution, etc. @ 2001
300 ## - PHYSICAL DESCRIPTION
Extent xvi,467p.
Other physical details : ill
Dimensions ; 25 cm
504 ## - BIBLIOGRAPHY, ETC. NOTE
Bibliography, etc includes index
650 ## - SUBJECT ADDED ENTRY--TOPICAL TERM
Source of heading or term Learning disabilities- treatment
650 ## - SUBJECT ADDED ENTRY--TOPICAL TERM
Source of heading or term Learning disabled children
700 ## - ADDED ENTRY--PERSONAL NAME
Personal name Kaufman, Nadeen L
9 (RLIN) 17916
942 ## - ADDED ENTRY ELEMENTS (KOHA)
Source of classification or shelving scheme Dewey Decimal Classification
Koha item type Open Shelf
Holdings
Withdrawn status Lost status Source of classification or shelving scheme Damaged status Not for loan Home library Current library Date acquired Source of acquisition Inventory number Total Checkouts Full call number Barcode Date last seen Price effective from Koha item type
    Dewey Decimal Classification     MUST Main Library MUST Main Library 26/06/2024 Purchase 03/18284   618.9 SPE 2001 2024-21353 26/06/2024 26/06/2024 Open Shelf